header

Love, sex, fear, death (Record no. 67435)

MARC details
000 -LEADER
fixed length control field 01247nam a2200301Ia 4500
245 00 - TITLE STATEMENT
Title Love, sex, fear, death
260 ## - PUBLICATION, DISTRIBUTION, ETC. (IMPRINT)
Place of publication Los Angeles, Calif. :
Name of publisher Feral House,
Year of publication 2009.
300 ## - PHYSICAL DESCRIPTION
Number of Pages 302 p., [28] p. :
Other physical details ill.
650 #0 - SUBJECT ADDED ENTRY--TOPICAL TERM
Topical Term Religion.
700 1# - ADDED ENTRY--PERSONAL NAME
Personal name Wyllie, Thomas R.
Personal name Parfrey, Adam,
856 40 - ELECTRONIC LOCATION AND ACCESS
Uniform Resource Identifier http://site.ebrary.com/lib/rucke/Doc?id=10330695

No items available.

© 2026 Rongo University
Contact us: librarian | system librarian | Rongo university